Hearts afire. (Record no. 12029)

000 -LEADER
fixed length control field 00637nam a2200193 a 4500
001 - CONTROL NUMBER
control field :::00009831$&:&@@
003 - CONTROL NUMBER IDENTIFIER
control field OkBaRHE
005 - DATE AND TIME OF LATEST TRANSACTION
control field 20010104113243.0
008 - FIXED-LENGTH DATA ELEMENTS--GENERAL INFORMATION
fixed length control field s1942 j 000 0 eng u
040 ## - CATALOGING SOURCE
Transcribing agency
100 1# - MAIN ENTRY--PERSONAL NAME
Personal name Havner, Vance, 1901-
245 10 - TITLE STATEMENT
Title Hearts afire.
260 ## - PUBLICATION, DISTRIBUTION, ETC. (IMPRINT)
Place of publication, distribution, etc Westwood, NJ., :
Name of publisher, distributor, etc Fleming H. Revell Company
Date of publication, distribution, etc c1942
300 ## - PHYSICAL DESCRIPTION
Extent 160 p. ;
Dimensions 20 cm.
650 ## - SUBJECT ADDED ENTRY--TOPICAL TERM
Topical term or geographic name as entry element Sermons, American
942 ## - ADDED ENTRY ELEMENTS (KOHA)
Source of classification or shelving scheme
Koha item type Books
Copies
Not for loan Copy number Damaged status Withdrawn status Barcode Full call number Date last seen Lost status Koha item type Shelving location Permanent Location Source of classification or shelving scheme Price effective from Date acquired
 1  9831BV 4241 .H322010-04-14 BooksGeneral StacksRHEMA Bible Training College 2010-04-142010-04-14
 2  18758BV 4241 .H322010-04-14 BooksGeneral StacksRHEMA Bible Training College 2010-04-142010-04-14